000 004780000a22001810004500
003 MACL
005 20151222155151.0
008 151222b xxu||||| |||| 00| 0 eng d
040 _aMACL
_cMACL
041 _aEnglish
082 _a820/DWI
100 _aDwivedi, A N
_922130
245 _aPapers On Indian Writing in English
_bVol 2
260 _bAtlantic Publishers and Distributors
_c2002
350 _a495
650 _aEnglish Literature
_922131
942 _cBK
_k820/DWI
_2ddc
999 _c40315
_d40315